Strzelcy Premier League w sezonie 2023/24 - Statystyki

Ogólne statystyki
  • Ten quiz został rozwiązany 745 razy
  • Średni wynik to 8 z 10
Statystyki odpowiedzi
Miejsce Zawodnik Klub Liczba bramek % Poprawnych
1 Erling Haaland Manchester City 27
99%
7 Mohamed Salah FC Liverpool 18
96%
8 Heung-min Son Tottenham Hotspur 17
93%
2 Cole Palmer Chelsea Londyn 22
92%
5 Phil Foden Manchester City 19
86%
9 Bukayo Saka Arsenal Londyn 16
85%
3 Alexander Isak Newcastle United 21
84%
4 Ollie Watkins Aston Villa 19
80%
6 Dominic Solanke AFC Bournemouth 19
60%
10 Jarrod Bowen West Ham United 16
50%
Nie znaleziono quizów pasujących do podanych kryteriów
Rozkład punktacji
Procent ludzi z każdym wynikiem
Percentyl według liczby udzielonych odpowiedzi
Twoja historia wyników
Nie rozwiązałeś tego quizu